Αντιχάρισμα στον καθηγητή Νικόλαο Π.Ανδριώτη : ανατύπωση 88 εργασιών του με τη φροντίδα επιτροπής
Αποθηκεύτηκε σε:
| Μορφή: | Βιβλίο |
|---|---|
| Γλώσσα: | Greek |
| Δημοσίευση: |
Θεσσαλονίκη :
[χ.ό.],
1976
|
| Θέματα: | |
| Ετικέτες: |
Προσθήκη ετικέτας
Δεν υπάρχουν, Καταχωρήστε ετικέτα πρώτοι!
|
MARC
| LEADER | 00000nam a2200000 i 4500 | ||
|---|---|---|---|
| 001 | 1/70845 | ||
| 008 | 990226s1976 gre d | ||
| 035 | |l 10048203 | ||
| 040 | |a GR-MY-UA |b gre |e aacr | ||
| 041 | 0 | |a gre | |
| 082 | 0 | |a 489.3 | |
| 245 | 1 | 0 | |a Αντιχάρισμα στον καθηγητή Νικόλαο Π.Ανδριώτη : |b ανατύπωση 88 εργασιών του με τη φροντίδα επιτροπής |
| 260 | |a Θεσσαλονίκη : |b [χ.ό.], |c 1976 | ||
| 300 | |a 566 σ. | ||
| 600 | 1 | 0 | |a Ανδριώτης, Νικόλαος Π., |d 1906-1976. |
| 650 | 0 | 0 | |a Greek philology, Modern. |
| 650 | 0 | 0 | |a Greek language, Modern. |
| 852 | |a INST |b RHODES |e 19990226 |h 489.3 ΑΝΤ |p 005400015564 |q 005400015564 |t BK |y 0 | ||
| 901 | |a BIBL-1999-1 | ||
| 909 | |a Ρ |b 053322 |c 1998 | ||
| 922 | |a 4ΕΛΗ |b 199801 |c ΚΠΣ/ΔΕ |d EMVASIS | ||
| 970 | |z 2000/07/ΚΑΤΕΡΙΝΑ | ||
| 970 | |z 2000/07/ΚΑΤΕΡΙΝΑ | ||